000 01331nab a2200241 i 4500
001 768714001
003 CO-MdFUSB
005 20240521112328.0
008 240521t1973 sp ||||| |||| 00| 0 spa d
040 _bspa
_cCO-MdFUSB
_dCO-MdFUSB
041 _aspa
100 _aKennedy, Eugène P., ‎
_eautor
245 _aFe religiosa y madurez psicológica
_c/ Eugene P. Kennedy ; traducido por Julio Alonso Asenjo
520 _aFe es un concepto que admite múltiples definiciones. En este artículo se toma la fe como una función de la personalidad humana que refleja y expresa un tipo de convicciones mediante las cuales el individuo contempla el sentido último de su vida y el significado del universo que le rodea. Por tanto, está íntimamente relacionada con las cualidades de la persona, que alientan las fuerzas sociales y culturales, así como la doctrina teológica.
650 7 _aSociología cristiana
_9405
650 7 _aFe
_9531
650 7 _aPsicología y religión
_9229
653 _aLa persistencia de la religión
700 _aAlonso Asenjo, Julio,
_etraductor
773 0 _049450
_982661
_oR2571
_tRevista internacional de teología Concilium
_w(CO-MdFUSB)8
_x0210-1041
_gNúmero 81, (enero, 1973), páginas: 117 - 123
_qpágina: 117
942 _cANA
945 _aCatherine Arias Alvarez - Practicante SENA
999 _c69800
_d69800